[Event "Edinburgh Premier"]
[Site "Edinburgh"]
[Date "2016.04.10"]
[Round "5.15"]
[White "Findlay, David John"]
[Black "Coffey, Anthony"]
[Result "1/2-1/2"]
[WhiteElo "2155"]
[BlackElo "1957"]
[PlyCount "130"]
[EventDate "2016.04.08"]
[EventType "swiss"]
[EventRounds "5"]
[EventCountry "SCO"]
[SourceTitle "EXT 2023"]
[Source "ChessBase"]
[SourceDate "2022.10.05"]
[SourceVersion "1"]
[SourceVersionDate "2022.10.05"]
[SourceQuality "1"]

1. e4 e5 2. Nc3 Nf6 3. g3 d5 4. exd5 Nxd5 5. Bg2 Nxc3 6. bxc3 Nc6 7. Nf3 Bd6 8. 0-0 0-0 9. d4 h6 10. Re1 exd4 11. cxd4 Bb4 12. Re3 Bg4 13. Bb2 Ne7 14. c4 c5 15. a3 cxd4 16. Qxd4 Qxd4 17. Nxd4 Bc5 18. Re4 f5 19. Re5 Bxd4 20. Bxd4 Nc6 21. Rd5 Be2 22. Rd7 Nxd4 23. Rxd4 Rad8 24. Rxd8 Rxd8 25. Bd5+ Kf8 26. Re1 Bd3 27. Re3 Be4 28. Bxe4 fxe4 29. Rxe4 Rd1+ 30. Kg2 Ra1 31. Re3 b6 32. Rc3 Ke7 33. h4 Kd6 34. h5 Kc5 35. g4 Kd4 36. Rf3 Kxc4 37. Rf7 Rxa3 38. Rxg7 b5 39. Rc7+ Kd4 40. g5 hxg5 41. h6 Ra6 42. h7 Rh6 43. Rxa7 b4 44. Kg3 b3 45. Kg4 b2 46. Rb7 Rxh7 47. Rxb2 Ke4 48. Re2+ Kd3 49. Re3+ Kd2 50. Re5 Rf7 51. f3 Rf8 52. Rxg5 Ke3 53. Re5+ Kd4 54. f4 Rg8+ 55. Kf3 Rf8 56. Ra5 Kd3 57. f5 Kd4 58. Kf4 Kc4 59. Ra6 Kb5 60. Re6 Kc5 61. f6 Kd5 62. Ra6 Rg8 63. Kf5 Rg1 64. Ra5+ Kd6 65. Ra7 Kd5 1/2-1/2